00343nam a2200121Ia 4500008004100000040001700041041001200058082001900070100001400089245007900103260002700182300001200209230917s9999||||xx |||||||||||||| ||und|| e146591aMAIN aEnglish a301.4315 S 31E aS. Denzil 0aEducation of adolecents for development in India the case of doosra dashak aNew DelhibRawatc2007 a216p p.